[Event "Championnat de la Loire Top14 2007-2008"]
[Site "Loire"]
[Date "2007.10.20"]
[Round "1.1"]
[White "Minchilli, Franco"]
[Black "Cursoux, Gerard"]
[Result "0-1"]
[WhiteElo "1770"]
[BlackElo "2110"]
[PlyCount "80"]

1. Nf3 c5 2. c4 Nc6 3. Nc3 g6 4. d4 cxd4 5. Nxd4 Bg7 6. e3 Nf6 7. a3 O-O 8. Be2
d6 9. O-O a6 10. Re1 e5 11. Nc2 Bf5 12. Nb4 Nxb4 13. axb4 Qc7 14. Nd5 Nxd5 15.
Qxd5 Be6 16. Qe4 f5 17. Qc2 e4 18. Ra3 Rfc8 19. b3 b5 20. Rd1 bxc4 21. bxc4
Bxc4 22. Bb2 d5 23. Rc3 Qf7 24. Rxd5 Qxd5 25. Bxc4 Rxc4 26. Rxc4 Bxb2 27. Rc8+
Rxc8 28. Qxc8+ Kg7 29. Qc7+ Kh6 30. h4 Be5 31. Qc2 Qd3 32. Qc1 Qc3 33. Qf1 Qa1
34. Qxa1 Bxa1 35. Kf1 Bc3 36. b5 axb5 37. Ke2 b4 38. Kd1 b3 39. Kc1 Kh5 40. f3
Kxh4 0-1

[Event "Championnat de la Loire Top14 2007-2008"]
[Site "Loire"]
[Date "2007.10.20"]
[Round "1.2"]
[White "Deville, Olivier"]
[Black "Walter, Alain"]
[Result "1-0"]
[WhiteElo "2008"]
[BlackElo "1750"]
[PlyCount "89"]

1. d4 d5 2. c4 e6 3. Nc3 Nf6 4. Nf3 Be7 5. e3 O-O 6. Bd3 c5 7. O-O Nc6 8. dxc5
Bxc5 9. cxd5 Nxd5 10. Ne4 Be7 11. Qe2 Bd7 12. Rd1 Rc8 13. a3 f5 14. Ned2 Bf6
15. Nf1 Qe7 16. e4 fxe4 17. Bxe4 Nb6 18. Be3 Rfd8 19. Rac1 Nd5 20. Bxd5 exd5
21. Rxd5 Bg4 22. Rxd8+ Rxd8 23. Qc4+ Be6 24. Qc2 a6 25. Bc5 Qf7 26. b4 g6 27.
Ne3 Rc8 28. Qb1 Ne5 29. Nd4 Bd7 30. b5 axb5 31. Nxb5 Bxb5 32. Qxb5 Be7 33. Nf1
b6 34. Be3 Rxc1 35. Bxc1 Bc5 36. Ne3 Qd7 37. Qxd7 Nxd7 38. a4 Ne5 39. Nd5 Nc6
40. Be3 Bxe3 41. fxe3 Kf7 42. Nxb6 Ke6 43. Kf2 Na5 44. Kf3 Ke5 45. Nd7+ {
abandon} 1-0

[Event "Championnat de la Loire Top14 2007-2008"]
[Site "Loire"]
[Date "2007.10.20"]
[Round "1.3"]
[White "Pareux, Marc"]
[Black "Petit, Didier"]
[Result "0-1"]
[WhiteElo "1740"]
[BlackElo "1959"]
[PlyCount "71"]
[EventDate "2007.??.??"]

1. d4 d5 2. e4 dxe4 3. Nc3 Nf6 4. f3 exf3 5. Nxf3 Bg4 6. h3 Bh5 7. g4 Bg6 8.
Ne5 Nbd7 9. Qf3 c6 10. Nxg6 hxg6 11. Bc4 Nb6 12. Bb3 Qd7 13. Be3 e6 14. O-O-O
Bb4 15. Ne4 Nxe4 16. Qxe4 Qc7 17. Qe5 Nd5 18. Qxg7 O-O-O 19. Rdf1 Rdg8 20. Qe5
Bd6 21. Qe4 f5 22. gxf5 gxf5 23. Rxf5 exf5 24. Qxf5+ Qd7 25. Qxd7+ Kxd7 26. Bd2
Bg3 27. c4 Nf4 28. Bc2 Ne2+ 29. Kb1 Nxd4 30. Bc3 Rxh3 31. Bf5+ Nxf5 32. Rxh3
Bh2 33. Rd3+ Ke6 34. b4 b6 35. a4 c5 36. b5 {abandon} 0-1

[Event "Championnat de la Loire Top14 2007-2008"]
[Site "Loire"]
[Date "2007.10.20"]
[Round "1.4"]
[White "Garon, Pierre"]
[Black "Doucet, Medhi"]
[Result "1/2-1/2"]
[WhiteElo "1936"]
[BlackElo "1690"]
[PlyCount "118"]

1. d4 d5 2. Bf4 Nf6 3. e3 e6 4. Nf3 Bd6 5. Bg3 Ne4 6. Nbd2 Nxg3 7. hxg3 Nd7 8.
Bd3 Nf6 9. c3 Bd7 10. Ne5 g6 11. b4 a5 12. b5 Bxe5 13. dxe5 Nh5 14. g4 Ng7 15.
c4 c6 16. Rb1 cxb5 17. cxb5 b6 18. Nf3 Rc8 19. Rc1 O-O 20. O-O Rxc1 21. Qxc1
Qc8 22. Qb2 Qb7 23. Rc1 Rc8 24. Nd4 h5 25. gxh5 Nxh5 26. Rc2 Rc5 27. Nb3 Rxc2
28. Qxc2 Qc8 29. Nd4 Qxc2 30. Bxc2 Kf8 31. f4 Ng3 32. Kf2 Ne4+ 33. Kf3 Nc3 34.
a4 Na2 35. Kg4 Nb4 36. Bb1 f6 37. Bxg6 f5+ 38. Kg5 Nd3 39. Ne2 Nb2 40. Nc3 Nc4
41. Nd1 Na3 42. g4 fxg4 43. Kxg4 Nxb5 44. axb5 Bxb5 45. Bc2 Bc4 46. Nc3 b5 47.
Kf3 a4 48. Nxa4 bxa4 49. Bxa4 Bd3 50. Kf2 Ke7 51. Ke1 Kf7 52. Kd2 Bf5 53. Bc2
Bg4 54. Kc3 Ke7 55. Kd4 Bf3 56. e4 dxe4 57. Bxe4 Bd1 58. Bg6 Bg4 59. Ke4 Bh3
$11 1/2-1/2

[Event "Championnat de la Loire Top14 2007-2008"]
[Site "Loire"]
[Date "2007.10.20"]
[Round "1.5"]
[White "Vier, Serge"]
[Black "Carrot, Patrick"]
[Result "1/2-1/2"]
[WhiteElo "1690"]
[BlackElo "1870"]
[PlyCount "83"]

1. d4 Nf6 2. Nf3 e6 3. c4 c5 4. d5 exd5 5. cxd5 d6 6. Nc3 g6 7. e4 Bg7 8. Bb5+
Nbd7 9. a4 a6 10. Bd3 O-O 11. O-O Re8 12. Bf4 Qc7 13. Nd2 Ne5 14. Bxe5 Rxe5 15.
Nc4 Re8 16. a5 Bd7 17. Nb6 Rad8 18. Re1 Ng4 19. h3 Ne5 20. Bf1 Bc8 21. Rc1 f5
22. exf5 Bxf5 23. g4 Bc8 24. Bg2 Rf8 25. Ne4 h6 26. Qe2 Nd7 27. Nc4 Ne5 28. Nb6
$11 Nd7 29. Nc4 Nf6 30. Kh1 Nxe4 31. Bxe4 Qf7 32. f3 Qf6 33. Kg2 Rfe8 34. b3
Bd7 35. Qc2 g5 36. Qd2 Bb5 37. Bf5 Bxc4 38. bxc4 Re5 39. Rxe5 Qxe5 40. Re1 Qf6
41. Qe3 Qf8 42. Qe6+ $11 1/2-1/2

[Event "Championnat de la Loire Top14 2007-2008"]
[Site "Loire"]
[Date "2007.11.04"]
[Round "1.6"]
[White "Guevorkian, Spartak"]
[Black "Maestracci, Olivier"]
[Result "1-0"]
[WhiteElo "1820"]
[BlackElo "1620"]
[PlyCount "160"]

1. d4 Nf6 2. Nf3 e6 3. Bf4 b6 4. e3 Bb7 5. Nbd2 Be7 6. h3 d6 7. Bh2 Nbd7 8. Be2
O-O 9. O-O c5 10. c3 Re8 11. Qc2 Qc8 12. Rac1 cxd4 13. cxd4 Qxc2 14. Rxc2 Rec8
15. Rfc1 Rxc2 16. Rxc2 Rc8 17. Ne1 Rxc2 18. Nxc2 Kf8 19. b4 Ke8 20. f3 Kd8 21.
e4 e5 22. d5 Ne8 23. Kf1 Nb8 24. Bg1 g6 25. a4 Kc7 26. Na3 Na6 27. b5 Nb8 28.
Ndc4 Nd7 29. a5 Bf8 30. Nb1 Bh6 31. Nc3 Nc5 32. Bxc5 dxc5 33. axb6+ axb6 34.
Na4 f6 35. Naxb6 Nd6 36. Bd3 Bc1 37. Ke2 Bf4 38. Na4 Nxb5 39. Nxc5 Nd4+ 40. Kf1
Bc8 41. Na5 Kb6 42. Nab3 Nxb3 43. Nxb3 Bh6 44. Ke2 Bd7 45. Bc4 Bf8 46. Kd3 Bb4
47. Nc1 Bd6 48. Ne2 Ba4 49. h4 h6 50. Nc3 Bd7 51. Bb3 Ka5 52. Ne2 Kb6 53. Ng3
Kc5 54. Bc4 h5 55. Nf1 Kb6 56. Ke2 Kc5 57. Bd3 Kd4 58. Nh2 Be7 59. g4 Ba3 60.
gxh5 gxh5 61. Nf1 Kc5 62. Ng3 Be8 63. Nf5 Kb6 64. Ng7 Bf7 65. Bc4 Bf8 66. Nf5
Kc5 67. Kd3 Bg6 68. Ng3 Bf7 69. Ba6 Be8 70. Bc8 Bg6 71. Bf5 Bf7 72. Be6 Bxe6
73. dxe6 Kd6 74. Nxh5 Kxe6 75. f4 exf4 76. Nxf4+ Kf7 77. Ke3 Bh6 78. Kf3 Ke7
79. Kg4 Kf7 80. Kf5 Kg7 1-0

[Event "Championnat de la Loire Top14 2007-2008"]
[Site "Loire"]
[Date "2007.10.20"]
[Round "1.7"]
[White "Muller, Anthony"]
[Black "Bruel, Bruno"]
[Result "0-1"]
[WhiteElo "1199"]
[BlackElo "1810"]
[PlyCount "120"]

1. e4 c5 2. Nf3 d6 3. d4 cxd4 4. Nxd4 Nf6 5. Nc3 a6 6. Bd3 e6 7. O-O Be7 8. f4
Qc7 9. Rb1 b5 10. Be3 O-O 11. a3 Bb7 12. Nf3 Ng4 13. Qe2 Nxe3 14. Qxe3 Bf6 15.
e5 dxe5 16. fxe5 Be7 17. b4 Nd7 18. Rbe1 Qb6 19. Qxb6 Nxb6 20. Ne4 h6 21. Ned2
Rac8 22. Rc1 Rc3 23. Nb3 Bd5 24. Rb1 Rfc8 25. Nfd2 R3c7 26. Ra1 Na4 27. Ne4 Rd7
28. Na5 Nb6 29. Rf2 Nc4 30. Nb3 Nxe5 31. Nec5 Ra7 32. Be4 Bxb3 33. Nxb3 Rc4 34.
Nd2 Rc3 35. Nf3 Nc4 36. a4 Na3 37. axb5 axb5 38. Ne5 Bxb4 39. Nc6 Ra4 40. Kh1
Bf8 41. Re2 Rac4 42. Ne5 Rc8 43. Ra2 b4 44. g3 b3 45. cxb3 Rxb3 46. Rf2 Re3 47.
Rae2 Rcc3 48. Kg1 Rxe2 49. Rxe2 Nb5 50. Kf2 Nd6 51. Bb1 Ne8 52. Rb2 Rc8 53. Rb7
Nd6 54. Rb6 Nc4 55. Rb5 Rc5 56. Rb4 Nxe5 57. Ke3 Rc3+ 58. Kd4 Bxb4 59. Kxe5 Kf8
60. g4 Rh3 {abandon} 0-1

[Event "Championnat de la Loire Top14 2007-2008"]
[Site "Loire"]
[Date "2007.11.10"]
[Round "2.1"]
[White "Cursoux, Gerard"]
[Black "Guevorkian, Spartak"]
[Result "1-0"]
[WhiteElo "2110"]
[BlackElo "1820"]
[PlyCount "81"]
[EventDate "2007.??.??"]

1. e4 c5 2. d4 e6 3. Nf3 cxd4 4. c3 dxc3 5. Nxc3 Bb4 6. Qd4 Bxc3+ 7. Qxc3 f6 8.
Bd2 Nc6 9. Bc4 a6 10. a4 Nge7 11. O-O Ng6 12. Rfe1 Nge5 13. Nxe5 Nxe5 14. Ba2
Nc6 15. b4 b5 16. Be3 Qe7 17. Bc5 Qf7 18. axb5 Nd8 19. Bc4 Qh5 20. f3 Nb7 21.
g4 Qe5 22. Qxe5 fxe5 23. Bb6 O-O 24. Kg2 d5 25. exd5 Nd6 26. Be2 e4 27. bxa6
exd5 28. fxe4 Nxe4 29. Bd4 Be6 30. b5 Rac8 31. Rac1 Rxc1 32. Rxc1 Rf4 33. Be3
Rf8 34. b6 Nd6 35. b7 d4 36. Bxd4 Bd5+ 37. Kg1 Re8 38. Bd3 g6 39. Rc7 Rd8 40.
Bf6 Rb8 41. a7 1-0

[Event "Championnat de la Loire Top14 2007-2008"]
[Site "Loire"]
[Date "2007.11.10"]
[Round "2.2"]
[White "Petit, Didier"]
[Black "Deville, Olivier"]
[Result "1-0"]
[WhiteElo "1959"]
[BlackElo "2008"]
[PlyCount "49"]
[EventDate "2007.??.??"]

1. e4 c5 2. Nf3 d6 3. c4 Nc6 4. d4 cxd4 5. Nxd4 Nf6 6. Nc3 g6 7. Be3 Bg7 8. Be2
Bd7 9. a3 Rc8 10. Nxc6 Bxc6 11. f3 a6 12. O-O O-O 13. Qd2 Nd7 14. Rab1 Rc7 15.
Rfd1 Qb8 16. Nd5 Bxd5 17. Qxd5 Nf6 18. Qa5 Rc6 19. b4 Qc8 20. c5 dxc5 21. bxc5
Nd7 22. Rbc1 Nxc5 23. Rxc5 b6 24. Rxc6 Qxc6 25. Qxb6 1-0

[Event "Championnat de la Loire Top14 2007-2008"]
[Site "Loire"]
[Date "2007.11.10"]
[Round "2.3"]
[White "Bruel, Bruno"]
[Black "Garon, Pierre"]
[Result "0-1"]
[WhiteElo "1810"]
[BlackElo "1936"]
[PlyCount "48"]
[EventDate "2007.??.??"]

1. d4 d5 2. c4 e6 3. Nc3 Nf6 4. Nf3 Be7 5. Bg5 Nbd7 6. e3 O-O 7. Bd3 dxc4 8.
Bxc4 a6 9. a4 c5 10. O-O cxd4 11. exd4 Nb6 12. Bd3 Nbd5 13. Qe2 Bd7 14. Ne5 Bc6
15. Nxc6 bxc6 16. Bxa6 Qb6 17. Bd3 Qxd4 18. Nxd5 cxd5 19. a5 Rfb8 20. Rfb1 Bd6
21. Bb5 Qb4 22. Ba6 Ne4 23. Bc1 Rxa6 24. g3 Rxa5 0-1

[Event "Championnat de la Loire Top14 2007-2008"]
[Site "Loire"]
[Date "2007.11.10"]
[Round "2.4"]
[White "Doucet, Medhi"]
[Black "Vier, Serge"]
[Result "1/2-1/2"]
[WhiteElo "1690"]
[BlackElo "1690"]
[PlyCount "66"]
[EventDate "2007.??.??"]

1. c4 Nf6 2. Nc3 e6 3. d4 d5 4. Bg5 Nbd7 5. cxd5 exd5 6. a3 c6 7. e3 Be7 8. Bd3
O-O 9. Nf3 Re8 10. Qc2 Nf8 11. h4 g6 12. Ne5 Be6 13. f4 Ng4 14. Bxe7 Qxe7 15.
Qe2 h5 16. Kd2 Kg7 17. Rae1 Nd7 18. e4 dxe4 19. Nxe4 Ndf6 20. Nxf6 Kxf6 21.
Nxg4+ Bxg4 22. Qe5+ Qxe5 23. dxe5+ Ke7 24. Be2 Rad8+ 25. Kc1 Bxe2 26. Rxe2 Rd4
27. Rf1 Red8 28. Ref2 Ke6 29. f5+ Kxe5 30. fxg6 fxg6 31. Re2+ Kd5 32. Rf6 Kc5
33. Rxg6 Rxh4 1/2-1/2

[Event "Championnat de la Loire Top14 2007-2008"]
[Site "Loire"]
[Date "2007.11.10"]
[Round "2.5"]
[White "Carrot, Patrick"]
[Black "Minchilli, Franco"]
[Result "1-0"]
[WhiteElo "1870"]
[BlackElo "1770"]
[PlyCount "149"]
[EventDate "2007.??.??"]

1. e4 e5 2. Nf3 Nf6 3. Nxe5 d6 4. Nf3 Nxe4 5. d4 d5 6. Bd3 Be7 7. O-O O-O 8.
Re1 Bg4 9. Bxe4 dxe4 10. Rxe4 Bxf3 11. Qxf3 Nc6 12. c3 Bg5 13. Bxg5 Qxg5 14.
Na3 Rfe8 15. Rae1 Rxe4 16. Qxe4 h6 17. d5 Nd8 18. Qd3 Qg6 19. Qxg6 fxg6 20. Re7
c6 21. d6 Kf8 22. Kf1 b6 23. Nc4 Nf7 24. Rc7 c5 25. d7 Rd8 26. Rxa7 b5 27. Na5
Ne5 28. Nb7 Rxd7 29. Ra8+ Kf7 30. Nxc5 Rd2 31. b3 Ng4 32. Ra7+ Kg8 33. Ne4 Rd5
34. f3 Ne5 35. Ra5 Nc6 36. Ra6 Ne7 37. Rd6 Rf5 38. Rd8+ Kh7 39. c4 bxc4 40.
bxc4 Ra5 41. Rd2 g5 42. Ke2 Nc6 43. Rb2 Nd4+ 44. Kd3 Nf5 45. c5 Ne7 46. Kc4 Kg6
47. Rb6+ Kf5 48. Kb3 g4 49. c6 gxf3 50. gxf3 Kf4 51. c7 Kxf3 52. Re6 Nc8 53.
Re8 Nb6 54. c8=Q Nxc8 55. Nd2+ Kg2 56. Rxc8 Kxh2 57. a4 h5 58. Kb4 Rd5 59. Rc2
g5 60. a5 g4 61. a6 Rd8 62. Kb5 Rb8+ 63. Kc4 h4 64. Kd3 g3 65. Nf3+ Kh3 66.
Ng5+ Kg4 67. Rc4+ Kh5 68. Ra4 g2 69. a7 Ra8 70. Ke3 h3 71. Nxh3 Rxa7 72. Rxa7
Kg4 73. Ng1 Kg3 74. Rh7 Kg4 75. Kf2 1-0

[Event "Championnat de la Loire Top14 2007-2008"]
[Site "Loire"]
[Date "2007.11.10"]
[Round "2.6"]
[White "Walter, Alain"]
[Black "Muller, Anthony"]
[Result "1/2-1/2"]
[WhiteElo "1750"]
[BlackElo "1199"]
[PlyCount "196"]
[EventDate "2007.??.??"]

1. e4 e5 2. Nf3 Nc6 3. Bb5 a6 4. Ba4 b5 5. Bb3 Nd4 6. Nxd4 exd4 7. c3 Qf6 8.
O-O Bd6 9. d3 Ne7 10. f4 Bc5 11. Kh1 Bb7 12. c4 b4 13. a4 a5 14. Nd2 Bb6 15.
Nf3 c5 16. Ne5 O-O-O 17. Qe1 Bc7 18. Ng4 Qg6 19. Bd1 f5 20. Nf2 Rde8 21. Bf3
Qh6 22. Nh3 g6 23. Ng5 Qg7 24. e5 Nc6 25. Bd5 h6 26. Nf3 Nd8 27. Bxb7+ Kxb7 28.
Qf2 Ne6 29. Nh4 Bd8 30. Nf3 g5 31. g3 Ref8 32. Ne1 h5 33. Nf3 h4 34. Rg1 hxg3
35. Qxg3 g4 36. Nd2 Kb6 37. Nf1 Rh3 38. Qxh3 gxh3 39. Rxg7 Nxg7 40. Ng3 Re8 41.
Bd2 Bc7 42. Rf1 Re6 43. b3 Kb7 44. Kg1 Kc8 45. Rf3 Rg6 46. Kf1 d6 47. exd6 Bxd6
48. Ne2 Rh6 49. Ng1 Ne6 50. Nxh3 Rh4 51. Kg2 Kd7 52. Be1 Nxf4+ 53. Nxf4 Rxf4
54. Rxf4 Bxf4 55. h3 Ke6 56. Kf3 Bg5 57. Bg3 Kd7 58. h4 Bh6 59. Bf4 Bxf4 60.
Kxf4 Ke6 61. h5 Kf6 62. h6 Kg6 63. h7 Kxh7 64. Kxf5 Kh6 65. Ke5 Kg5 66. Kd5 Kf4
67. Kxc5 Ke3 68. Kb5 Kxd3 69. c5 Ke4 70. c6 d3 71. c7 d2 72. c8=Q d1=Q 73. Qe8+
Kf4 74. Qf7+ Ke5 75. Qe7+ Kf4 76. Kxa5 Qd5+ 77. Kxb4 Qd2+ 78. Kb5 Qd5+ 79. Qc5
Qd7+ 80. Kb6 Qe6+ 81. Kc7 Qf7+ 82. Kc6 Qxb3 83. Qd4+ Kg3 84. Qe5+ Kg4 85. a5
Qc4+ 86. Kb6 Qb4+ 87. Ka7 Qc4 88. a6 Qf7+ 89. Ka8 Qf8+ 90. Kb7 Qf7+ 91. Qc7
Qd5+ 92. Kb8 Qb3+ 93. Kc8 Qg8+ 94. Kb7 Qd5+ 95. Qc6 Qb3+ 96. Ka8 Qg8+ 97. Kb7
Qf7+ 98. Qc7 Qf3+ 1/2-1/2

[Event "Championnat de la Loire Top14 2007-2008"]
[Site "Loire"]
[Date "2007.11.10"]
[Round "2.7"]
[White "Maestracci, Olivier"]
[Black "Pareux, Marc"]
[Result "1-0"]
[WhiteElo "1620"]
[BlackElo "1740"]
[PlyCount "93"]
[EventDate "2007.??.??"]

1. e4 g6 2. d4 Bg7 3. Nf3 c6 4. Bf4 d6 5. c3 Nf6 6. Nbd2 Nbd7 7. Be2 O-O 8. h3
Nh5 9. Be3 e5 10. dxe5 dxe5 11. O-O Nf4 12. Kh2 Nb6 13. Ng1 Be6 14. g3 Nxe2 15.
Qxe2 Qc7 16. c4 f5 17. f4 fxe4 18. Rac1 Bf5 19. b3 Rac8 20. Rf2 exf4 21. Bxf4
Qe7 22. Be3 Bd4 23. Nf1 c5 24. Rd1 Qg7 25. Kg2 Nd7 26. g4 Be6 27. Rxf8+ Rxf8
28. Bxd4 cxd4 29. Qxe4 Qf7 30. Qxd4 b6 31. Ng3 Nc5 32. Rf1 Qb7+ 33. Kh2 Rxf1
34. Nxf1 Ne4 35. Qd8+ Kg7 36. Qd4+ Kg8 37. Ng3 Nxg3 38. Kxg3 Qc7+ 39. Kg2 Bc8
40. Qd5+ Kg7 41. Qd4+ Kf7 42. Qf2+ Ke6 43. Ne2 Bb7+ 44. Kf1 Qe5 45. Nf4+ Kd6
46. Qd2+ Kc5 47. Nd3+ 1-0

[Event "Championnat de la Loire Top14 2007-2008"]
[Site "Loire"]
[Date "2007.12.01"]
[Round "3.1"]
[White "Petit, Didier"]
[Black "Cursoux, Gerard"]
[Result "1/2-1/2"]
[WhiteElo "1959"]
[BlackElo "2110"]
[PlyCount "92"]
[EventDate "2007.??.??"]

1. d4 b6 2. Nf3 Nf6 3. e3 Bb7 4. Bd3 d5 5. O-O e6 6. b3 Nbd7 7. Bb2 Bd6 8. Nbd2
O-O 9. Ne5 Ne4 10. f4 f5 11. Ndf3 Ndf6 12. c4 c5 13. Qe2 Rc8 14. a3 Qe7 15.
cxd5 exd5 16. dxc5 bxc5 17. Rfc1 Rc7 18. Nd2 Nxd2 19. Qxd2 Ne4 20. Qe2 Rb8 21.
Bb5 Ba8 22. Ba4 Qe6 23. Rc2 Rb6 24. Rac1 Bb7 25. Qh5 g6 26. Qh4 Be7 27. Qe1 Ba6
28. Be8 Bd6 29. Ba4 Bxe5 30. Bxe5 Rc8 31. Qd1 Bb7 32. Qe1 h6 33. Qh4 Kh7 34.
Qe1 g5 35. Qd1 gxf4 36. exf4 Qf7 37. Bd4 Rg6 38. Bxc5 Nxc5 39. Rxc5 Rxc5 40.
Rxc5 d4 41. g3 Qe7 42. Re5 Qd6 43. b4 d3 44. Qe1 Qd4+ 45. Qe3 Qa1+ 46. Qe1 Qd4+
1/2-1/2

[Event "Championnat de la Loire Top14 2007-2008"]
[Site "Loire"]
[Date "2007.12.01"]
[Round "3.2"]
[White "Garon, Pierre"]
[Black "Carrot, Patrick"]
[Result "1-0"]
[WhiteElo "1936"]
[BlackElo "1870"]
[PlyCount "37"]
[EventDate "2007.??.??"]

1. d4 e6 2. Nf3 f5 3. Bf4 Nf6 4. e3 Be7 5. c4 d5 6. Nc3 O-O 7. Bd3 a6 8. Qc2
Ne4 9. g4 Nc6 10. a3 g5 11. Bg3 f4 12. Nxe4 dxe4 13. Bxe4 Rf7 14. O-O-O Qf8 15.
exf4 Bd7 16. Nxg5 Bxg5 17. fxg5 Qg7 18. Qd2 b5 19. d5 1-0

[Event "Championnat de la Loire Top14 2007-2008"]
[Site "Loire"]
[Date "2007.12.01"]
[Round "3.3"]
[White "Deville, Olivier"]
[Black "Maestracci, Olivier"]
[Result "1-0"]
[WhiteElo "2008"]
[BlackElo "1620"]
[PlyCount "137"]
[EventDate "2007.??.??"]

1. d4 Nf6 2. Nf3 e6 3. c4 d5 4. Nc3 c6 5. e3 Nbd7 6. Qc2 Be7 7. b3 a6 8. Bd3
dxc4 9. bxc4 b5 10. O-O O-O 11. e4 bxc4 12. Bxc4 h6 13. Rd1 Qc7 14. Be3 Bb7 15.
Rac1 c5 16. Bd3 cxd4 17. Bxd4 e5 18. Be3 Rfc8 19. Qe2 Qd6 20. Bc4 Qb4 21. Nd5
Bxd5 22. exd5 Bd6 23. Nh4 Nb6 24. Bxb6 Qxb6 25. Nf5 Rc5 26. Rb1 Qc7 27. Bxa6
Rxd5 28. Rxd5 Nxd5 29. Bc4 Ne7 30. Qf3 Rf8 31. Nxd6 Qxd6 32. Re1 Ng6 33. g3 Kh8
34. Bb3 f5 35. Rd1 Qc7 36. Qd3 Qa7 37. Qd6 Rf6 38. Qd8+ Rf8 39. Qd7 Qxd7 40.
Rxd7 Rf6 41. Rd8+ Nf8 42. a4 Kh7 43. a5 Kg6 44. a6 Rxa6 45. Rxf8 Rb6 46. Bc2 e4
47. h4 Rc6 48. Ba4 Rc7 49. Be8+ Kh7 50. Rxf5 Re7 51. Bf7 g6 52. Rf4 e3 53. fxe3
Kg7 54. Bc4 Rxe3 55. Kf2 Re7 56. Rd4 Ra7 57. Rd6 Ra3 58. Bd3 Ra2+ 59. Kf3 Ra3
60. Rxg6+ Kf7 61. Rd6 Ke7 62. Rd4 Ke6 63. Kf4 Ra1 64. Rd8 Ra4+ 65. Be4 Kf6 66.
h5 Ra1 67. Rg8 Rf1+ 68. Bf3 Ra1 69. Rg6+ 1-0

[Event "Championnat de la Loire Top14 2007-2008"]
[Site "Loire"]
[Date "2007.12.01"]
[Round "3.5"]
[White "Vier, Serge"]
[Black "Bruel, Bruno"]
[Result "1/2-1/2"]
[WhiteElo "1690"]
[BlackElo "1810"]
[PlyCount "84"]
[EventDate "2007.??.??"]

1. d4 d5 2. c4 c6 3. Nc3 Nf6 4. Nf3 e6 5. cxd5 exd5 6. Bg5 Be7 7. Qc2 Be6 8. e3
Nbd7 9. Bd3 O-O 10. O-O h6 11. Bh4 Rc8 12. Rab1 c5 13. Rfc1 Nb6 14. Bf5 cxd4
15. Nxd4 Qd7 16. Bxe6 fxe6 17. Qd1 Nc4 18. Qa4 Qxa4 19. Nxa4 e5 20. Nf5 Kf7 21.
Nc3 Nb6 22. Nb5 Nc4 23. Nc3 Rfd8 24. Ne2 Bf8 25. b3 Nd2 26. Rxc8 Rxc8 27. Rb2
Nde4 28. f3 Nc3 29. Be1 Nxe2+ 30. Rxe2 Kg6 31. Ng3 Rc1 32. Kf2 b6 33. Nf1 $11
a5 34. g4 Be7 35. Ng3 e4 36. Nf5 Bd8 37. h3 exf3 38. Kxf3 Nd7 39. Bg3 Nc5 40.
Be5 Ne6 41. Nd4 Ng5+ 42. Kg2 Ne4 $11 1/2-1/2

[Event "Championnat de la Loire Top14 2007-2008"]
[Site "Loire"]
[Date "2007.12.01"]
[Round "3.6"]
[White "Muller, Anthony"]
[Black "Minchilli, Franco"]
[Result "0-1"]
[WhiteElo "1199"]
[BlackElo "1770"]
[PlyCount "116"]
[EventDate "2007.??.??"]

1. e4 e5 2. Nf3 Nf6 3. Nc3 Bb4 4. a3 Bxc3 5. dxc3 d6 6. Bg5 Be6 7. Bd3 Nbd7 8.
h3 Nc5 9. Qe2 h6 10. Bxf6 Qxf6 11. Bc4 O-O 12. O-O Qg6 13. Bxe6 Nxe6 14. Nh4
Nf4 15. Qf3 Qg5 16. Nf5 Ne6 17. g3 Kh7 18. Kh2 g6 19. Ne3 f5 20. exf5 gxf5 21.
Qxb7 Rab8 22. Qd5 Nc5 23. b4 Ne4 24. Rae1 Nf6 25. Qc4 Rbc8 26. Nd5 Nxd5 27.
Qxd5 f4 28. c4 Rg8 29. Rg1 Rcf8 30. Qe4+ Kh8 31. Re2 f3 32. Re3 Rf4 33. Qd3 Rd4
34. Qc3 Rf8 35. Rxf3 Rxf3 36. Qxf3 Qg7 37. Qc3 Qf6 38. Rg2 Qf7 39. c5 dxc5 40.
Qxc5 Qg7 41. Qxa7 e4 42. Rg1 Qe5 43. Rc1 e3 44. Re1 Qf6 45. f4 Rd2+ 46. Kg1 Qc6
47. Qd4+ Rxd4 48. Rxe3 Rd1+ 49. Kf2 Qxc2+ 50. Kf3 Rf1+ 51. Kg4 Qg6+ 52. Kh4 Rg1
53. a4 Qf6+ 54. Kg4 Kg7 55. a5 h5+ 56. Kf3 Qc6+ 57. Ke2 Qc2+ 58. Kf3 Qg2# 0-1

[Event "Championnat de la Loire Top14 2007-2008"]
[Site "Loire"]
[Date "2007.12.01"]
[Round "3.7"]
[White "Pareux, Marc"]
[Black "Walter, Alain"]
[Result "0-1"]
[WhiteElo "1740"]
[BlackElo "1750"]
[PlyCount "40"]
[EventDate "2007.??.??"]

1. d4 d5 2. e4 dxe4 3. Nc3 Nf6 4. f3 exf3 5. Nxf3 Bf5 6. Bc4 e6 7. O-O c6 8.
Ne5 Bg6 9. g4 Nbd7 10. Nxg6 hxg6 11. g5 Bd6 12. Rf2 Qc7 13. Qe2 O-O-O 14. gxf6
Nxf6 15. Be3 Rh5 16. Rd1 Rdh8 17. Rd2 Bxh2+ 18. Rxh2 Rxh2 19. Qxh2 Rxh2 20.
Rxh2 Qg3+ 0-1

[Event "Championnat de la Loire Top14 2007-2008"]
[Site "Loire"]
[Date "2008.01.12"]
[Round "4.1"]
[White "Cursoux, Gerard"]
[Black "Garon, Pierre"]
[Result "1-0"]
[WhiteElo "2040"]
[BlackElo "1936"]
[PlyCount "59"]
[EventDate "2008.??.??"]

1. b3 d5 2. Bb2 Bf5 3. e3 e6 4. Nf3 Nd7 5. Be2 Ngf6 6. d3 Bd6 7. Nbd2 Qe7 8.
Nd4 c6 9. Nxf5 exf5 10. O-O O-O 11. Nf3 Ng4 12. g3 Rfe8 13. Re1 Nge5 14. Nxe5
Nxe5 15. d4 Nd7 16. Bf3 Nf6 17. Qd3 Ne4 18. c4 dxc4 19. bxc4 Rad8 20. Bg2 g6
21. Rab1 b6 22. f3 Nf6 23. Qc2 h5 24. e4 fxe4 25. fxe4 Ng4 26. e5 Bxe5 27. Rxe5
Nxe5 28. dxe5 Qc5+ 29. Kh1 b5 30. Qc3 {Temps} 1-0

[Event "Championnat de la Loire Top14 2007-2008"]
[Site "Loire"]
[Date "2008.01.12"]
[Round "4.2"]
[White "Guevorkian, Spartak"]
[Black "Petit, Didier"]
[Result "0-1"]
[WhiteElo "1900"]
[BlackElo "1953"]
[PlyCount "76"]
[EventDate "2008.??.??"]

1. d4 Nf6 2. Nf3 c5 3. c3 b6 4. Bf4 d6 5. e3 e6 6. Nbd2 Be7 7. Qc2 Bb7 8. Rd1
Nh5 9. Bg3 Nd7 10. Bb5 O-O 11. Bxd7 Qxd7 12. dxc5 bxc5 13. Ne4 Bxe4 14. Qxe4
Qc7 15. O-O Nxg3 16. hxg3 Qb6 17. b3 Qa5 18. Qc2 Qb6 19. Nd2 d5 20. Nf3 Bf6 21.
c4 Rfd8 22. e4 d4 23. Ne1 Qc6 24. Qe2 a5 25. a4 Rab8 26. Qd3 Rb7 27. f4 Rdb8
28. Rb1 Rb6 29. Rf3 e5 30. Nc2 Re8 31. f5 Bg5 32. g4 Reb8 33. Na3 Be3+ 34. Kf1
Qh6 35. Rxe3 dxe3 36. Ke2 Qf4 37. Qxe3 Qxe3+ 38. Kxe3 Rxb3+ 0-1

[Event "Championnat de la Loire Top14 2007-2008"]
[Site "Loire"]
[Date "2008.01.12"]
[Round "4.3"]
[White "Carrot, Patrick"]
[Black "Deville, Olivier"]
[Result "1-0"]
[WhiteElo "1860"]
[BlackElo "2005"]
[PlyCount "87"]
[EventDate "2008.??.??"]

1. e4 c5 2. Nf3 d6 3. d4 cxd4 4. Nxd4 Nf6 5. Nc3 a6 6. Bc4 e6 7. Bb3 Be7 8. O-O
O-O 9. Be3 Qc7 10. Qe2 Nc6 11. a3 Bd7 12. Rad1 Rac8 13. Nxc6 Bxc6 14. Bf4 Nd7
15. Nd5 Bxd5 16. exd5 e5 17. Be3 f5 18. c3 Nc5 19. Bc2 Qd8 20. c4 Qe8 21. f3 f4
22. Bf2 Qh5 23. b4 Nd7 24. Bb3 Rf6 25. Rd2 Rh6 26. h3 Rg6 27. Kh2 Bh4 28. Bxh4
Qxh4 29. Qf2 Rg3 30. Rc1 e4 31. fxe4 Ne5 32. Qf1 Rxb3 33. c5 f3 34. cxd6 Rf8
35. Rf2 Ng4+ 36. Kg1 Qxf2+ 37. Qxf2 Nxf2 38. d7 fxg2 39. Rc8 Rbf3 40. e5 Ne4
41. e6 Nd6 42. Rxf8+ Rxf8 43. e7 Re8 44. d8=Q 1-0

[Event "Championnat de la Loire Top14 2007-2008"]
[Site "Loire"]
[Date "2008.01.12"]
[Round "4.4"]
[White "Walter, Alain"]
[Black "Vier, Serge"]
[Result "1-0"]
[WhiteElo "1750"]
[BlackElo "1670"]
[PlyCount "39"]
[EventDate "2008.??.??"]

1. e4 e6 2. Bb5 c6 3. Ba4 d5 4. exd5 exd5 5. d4 Nf6 6. Nf3 Be7 7. O-O O-O 8. c3
Bg4 9. Qd3 Nbd7 10. Nbd2 Bh5 11. Ne5 Qa5 12. Bb3 Nxe5 13. dxe5 Nd7 14. f4 Nc5
15. Qg3 Nxb3 16. Nxb3 Qd8 17. Nd4 c5 18. Nf5 Bg6 19. Nxe7+ Qxe7 20. f5 1-0